00473nam a2200181Ia 4500008004100000020001500041050001100056050001500067100002200082245003400104245002200138250001700160260003500177260000900212300002000221300002000241650003000261160319s9999 xx 000 0 und d a9712708993 a920.71 bOc15r 2000 aOcampo, Ambeth R. aRizal without the overcoat /  cAmbeth R. Ocampo. aExpanded ed. bCarlos Palanca Foundation inc. c2000 a xvi, 254 p. :  billustrations : aRizal, Jose, -- 1861-1896